Statistics for World Capitals Closest to Miami - Two Minute Sprint

Click here to take the quiz!

General Stats

  • This quiz has been taken 19 times
  • The average score is 14 of 20

Answer Stats

kmcapitalmiles% Correct
371Havana230
100%
2068Mexico City1284
100%
296Nassau184
82%
2269Ottawa1409
82%
1331Santo Domingo827
82%
1492Washington927
76%
930Kingston578
71%
1645Managua1022
71%
1138Port-au-Prince707
71%
1809San Jose1124
71%
2112St Johns1312
71%
1490Tegucigalpa926
71%
1298Belmopan807
65%
1640Guatemala City1019
65%
1856Panama City1152
65%
1641San Salvador1020
65%
2172Caracas1349
53%
2021Basseterre1255
47%
2376Castries1476
47%
2259Roseau1403
47%

Score Distribution

Percentile by Number Answered

Percent of People with Each Score

Your Score History

You have not taken this quiz